Every Place in Colorado on a Map - Statistics

General Stats
  • This quiz has been taken 154 times
  • The average score is 82 of 482
Answers on the Map
Answers color-coded by a green-red scale on the quiz's map according to % correct below.
 
Answer Stats
Population Place % Correct
715,522 Denver
90%
478,961 Colorado Springs
82%
386,261 Aurora
78%
108,250 Boulder
76%
169,810 Fort Collins
73%
111,876 Pueblo
72%
65,560 Grand Junction
71%
7,004 Aspen
66%
155,984 Lakewood
66%
116,317 Westminster
62%
124,402 Arvada
61%
141,867 Thornton
61%
108,418 Centennial
60%
108,795 Greeley
60%
13,224 Steamboat Springs
57%
4,835 Vail
57%
20,399 Golden
55%
19,071 Durango
54%
76,378 Loveland
54%
74,112 Broomfield
52%
73,158 Castle Rock
52%
98,885 Longmont
52%
45,652 Littleton
50%
20,291 Montrose
48%
58,512 Parker
47%
5,078 Breckenridge
46%
5,904 Estes Park
43%
2,607 Telluride
43%
17,141 Cañon City
42%
7,511 Eagle
42%
103,444 Highlands Ranch
42%
2,633 Leadville
42%
10,437 Rifle
42%
6,560 Gunnison
41%
62,418 Commerce City
40%
11,597 Fort Morgan
40%
9,806 Alamosa
39%
724 Fairplay
39%
9,963 Glenwood Springs
39%
40,083 Brighton
38%
2,043 Limon
38%
8,329 Trinidad
38%
30,411 Lafayette
37%
8,766 Cortez
36%
1,782 Idaho Springs
36%
898 Ouray
36%
13,735 Sterling
36%
4,858 Manitou Springs
35%
2,855 Buena Vista
34%
25,229 Columbine
34%
2,079 Granby
34%
21,226 Louisville
34%
4,402 Silverthorne
34%
32,398 Wheat Ridge
34%
13,395 Fruita
33%
4,613 | 64 Glendale
33%
7,322 La Junta
33%
14,253 Lone Tree
33%
10,399 Monument
33%
1,471 Nederland
33%
622 Silverton
33%
5,666 Salida
32%
13,094 Superior
32%
243 Dinosaur
30%
1,571 Pagosa Springs
30%
6,072 Avon
29%
2,237 Colorado City
29%
9,060 Craig
29%
1,639 Crested Butte
29%
33,659 Englewood
29%
30,038 Erie
29%
29,802 Fountain
29%
1,118 Georgetown
29%
2,300 Las Animas
29%
2,209 Lyons
29%
396 Morrison
29%
1,325 Springfield
29%
16,381 Firestone
28%
2,913 Frisco
28%
15,691 Greenwood Village
28%
38,131 Northglenn
28%
3,049 Walsenburg
28%
1,033 Winter Park
28%
127 Black Hawk
27%
9,035 Delta
27%
1,064 Dillon
27%
32,716 Windsor
27%
3,172 Burlington
26%
11,036 Castle Pines
26%
9,307 Evergreen
26%
17,693 Fort Carson
26%
7,955 Fort Lupton
26%
725 Kiowa
26%
7,687 Lamar
26%
6,434 Carbondale
25%
1,155 Cripple Creek
25%
885 Dolores
25%
17,303 Johnstown
25%
206 Larkspur
25%
108 Moffat
25%
539 Saguache
25%
779 Central City
24%
22,165 Evans
24%
3,822 Florence
24%
33,811 Ken Caryl
24%
1,369 Keystone
24%
432 Lake City
24%
2,565 Palisade
24%
33,086 Pueblo West
24%
6,105 Sheridan
24%
10,332 Berthoud
23%
5,802 Eaton
23%
8,040 Gypsum
23%
837 Holly
23%
8,088 Lochbuie
23%
11,047 Wellington
23%
7,920 Woodland Park
23%
296 Alma
22%
3,984 Basalt
22%
14,382 Federal Heights
22%
14,513 Frederick
22%
9,554 Gunbarrel
22%
2,636 Palmer Lake
22%
3,536 Silt
22%
606 Walden
22%
435 Westcliffe
22%
3,456 Yuma
22%
15,097 Black Forest
21%
11,488 Cherry Creek
21%
6,442 Cherry Hills Village
21%
46 Conejos
21%
5,005 Edgewater
21%
1,675 Elizabeth
21%
255 Kit Carson
21%
74 Montezuma
21%
177 Sedalia
21%
6,487 Timnath
21%
5,339 Brush
20%
166 Crowley
20%
6,297 Dacono
20%
140 Eldora
20%
687 Hot Sulphur Springs
20%
4,781 Mead
20%
1,033 Minturn
20%
4,923 New Castle
20%
2,955 Platteville
20%
38,639 Security-Widefield
20%
15,553 Welby
20%
2,494 | 364 Coal Creek
18%
8,407 Derby
18%
11,246 Edwards
18%
409 Franktown
18%
410 Grand Lake
18%
1,307 Julesburg
18%
2,374 Meeker
18%
4,247 Monte Vista
18%
1,390 Parachute
18%
11,311 The Pinery
18%
204 | 8,226 Twin Lakes
18%
6,608 Air Force Academy
17%
102 Arapahoe
17%
19,311 Cimarron Hills
17%
650 Copper Mountain
17%
33,892 Dakota Ridge
17%
754 Foxfield
17%
1,941 Hayden
17%
16 Lakeside
17%
8,386 Milliken
17%
1,447 Paonia
17%
3,876 Rocky Ford
17%
7,683 Severance
17%
207 Silver Plume
17%
3,096 Snowmass Village
17%
2,358 Wray
17%
568 Allenspark
16%
594 Avondale
16%
758 Cheyenne Wells
16%
5,640 Dove Valley
16%
188 Elbert
16%
4,786 Meridian
16%
9,416 Roxborough Park
16%
598 San Luis
16%
172 Sedgwick
16%
9,072 Stonegate
16%
5,028 Todd Creek
16%
1,502 Columbine Valley
15%
2,346 Holyoke
15%
787 Hugo
15%
1,509 Kremmling
15%
862 La Veta
15%
4,306 Niwot
15%
76 Orchard
15%
1,757 Akron
14%
12,536 Berkley
14%
853 Bow Mar
14%
1,458 Del Norte
14%
1,651 Hudson
14%
1,892 Leadville North
14%
293 Louviers
14%
2,019 Olathe
14%
72 Pitkin
14%
3,334 Ponderosa Park
14%
2,299 Rangely
14%
257 Red Cliff
14%
6,518 Stratmoor
14%
4,327 Castle Pines Village
13%
20,413 Clifton
13%
257 Creede
13%
635 Dove Creek
13%
527 Downieville-Lawson-Dumont
13%
672 Eads
13%
464 Fort Garland
13%
445 Granada
13%
1,250 Keenesburg
13%
63 Kim
13%
941 Mount Crested Butte
13%
288 Nathrop
13%
3,142 Orchard City
13%
6,688 Orchard Mesa
13%
426 Red Feather Lakes
13%
1,183 Ridgway
13%
206 Rye
13%
19,228 Sherrelwood
13%
609 Silver Cliff
13%
379 Victor
13%
128 Ward
13%
4,327 West Pleasant View
13%
2,922 Acres Green
12%
5,438 Battlement Mesa
12%
2,838 Bayfield
12%
322 Blanca
12%
1,929 Center
12%
333 East Pleasant View
12%
22,872 Four Square Mile
12%
1,400 Fraser
12%
254 Garden City
12%
852 Ignacio
12%
1,474 Indian Hills
12%
2,359 La Salle
12%
947 Manassa
12%
1,066 Ordway
12%
925 Poncha Springs
12%
64 Valmont
12%
682 Watkins
12%
1,401 Wiggins
12%
456 Aguilar
11%
647 Antonito
11%
1,715 Aristocrat Ranchettes
11%
1,887 Ault
11%
2,862 Bennett
11%
305 Boone
11%
103 Campo
11%
141 Crestone
11%
232 Eckley
11%
128 Florissant
11%
8,271 Fruitvale
11%
27 Garfield
11%
38 Hartsel
11%
981 Haxtun
11%
256 Jamestown
11%
1,495 Kersey
11%
1,196 Mancos
11%
281 Merino
11%
541 Mountain View
11%
511 Otis
11%
271 Ovid
11%
1,932 Perry Park
11%
604 Swink
11%
57 Branson
10%
762 Calhan
10%
237 Cheraw
10%
53 Cope
10%
559 Eldorado Springs
10%
345 Empire
10%
567 Flagler
10%
1,253 Fowler
10%
218 Gold Hill
10%
646 Green Mountain Falls
10%
2,683 Holly Hills
10%
81 Hooper
10%
246 Iliff
10%
2,409 Laporte
10%
40 Leyner
10%
913 Log Lane Village
10%
117 No Name
10%
504 Nunn
10%
213 Peetz
10%
153 Peoria
10%
1,097 Pierce
10%
510 South Fork
10%
62 Starkville
10%
401 Tabernash
10%
543 Walsh
10%
399 Yampa
10%
512 Altona
9%
7,833 Applewood
9%
202 Arriba
9%
810 Aspen Park
9%
138 Atwood
9%
877 Blue River
9%
17 Bonanza
9%
236 Brookside
9%
2,279 Cedaredge
9%
44 Cotopaxi
9%
133 Crook
9%
493 De Beque
9%
143 Divide
9%
428 Fleming
9%
106 Gardner
9%
153 Genoa
9%
1,029 Gilcrest
9%
6,649 Gleneagle
9%
875 Hotchkiss
9%
97 Idalia
9%
82 Joes
9%
1,308 Kittredge
9%
730 La Jara
9%
3,934 Lincoln Park
9%
341 Manzanola
9%
485 Naturita
9%
889 Oak Creek
9%
315 Olney Springs
9%
51 Paoli
9%
3,685 Penrose
9%
136 Portland
9%
112 Pritchett
9%
511 Rockvale
9%
194 Rollinsville
9%
879 Sanford
9%
172 Seibert
9%
656 Stratton
9%
259 Sugar City
9%
34 Two Buttes
9%
95 Vona
9%
1,453 Alamosa East
8%
47 Amherst
8%
183 Bethune
8%
518 Beulah Valley
8%
788 Blende
8%
134 Briggsdale
8%
127 Cokedale
8%
369 Collbran
8%
403 Crawford
8%
1,068 Deer Trail
8%
4,130 El Jebel
8%
1,248 Ellicott
8%
3,610 Genesee
8%
157 Grover
8%
111 Guffey
8%
71 Haswell
8%
74 Heeney
8%
312 Hillrose
8%
2,226 Inverness
8%
61 Kirk
8%
123 La Junta Gardens
8%
133 Marble
8%
298 Morgan Heights
8%
1,264 Mountain Village
8%
482 North La Junta
8%
733 North Washington
8%
585 Nucla
8%
197 Ophir
8%
214 Peyton
8%
362 Placerville
8%
111 Ramah
8%
110 Raymer
8%
288 Rico
8%
302 Romeo
8%
507 Salt Creek
8%
38 Sawpit
8%
55 Sheridan Lake
8%
3,490 Sierra Ridge
8%
601 Simla
8%
1,789 Sterling Ranch
8%
3,307 Strasburg
8%
38 Vernon
8%
98 Vilas
8%
269 Vineland
8%
113 Weldona
8%
53 Weston
8%
437 Wiley
8%
731 Williamsburg
8%
127 Bonanza Mountain Estates
7%
1,322 Byers
7%
134 Capulin
7%
1,628 Cascade-Chipita Park
7%
331 Chacra
7%
1,172 Dotsero
7%
63 Goldfield
7%
56 Hartman
7%
80 Hoehne
7%
957 Lazy Acres
7%
257 Lewis
7%
11 Lynn
7%
79 Matheson
7%
76 Maybell
7%
3,202 Meridian Village
7%
535 Norwood
7%
234 Phippsburg
7%
9,061 Redlands
7%
129 Seven Hills
7%
136 Snyder
7%
333 St. Mary's
7%
1,120 Towaoc
7%
18 Towner
7%
46 Valdez
7%
120 Westcreek
7%
9,536 Woodmoor
7%
308 Arboles
5%
202 Bark Ranch
5%
65 Blue Sky
5%
21 Brandon
5%
0 Carbonate
5%
36 Colona
5%
179 Crisman
5%
216 El Moro
5%
9,324 Fairmount
5%
0 Fulford
5%
244 Idledale
5%
101 Jansen
5%
299 Johnson Village
5%
46 Laird
5%
1,314 Loma
5%
68 Marvel
5%
173 Maysville
5%
182 Midland
5%
75 Padroni
5%
975 Pine Brook Hill
5%
127 Redstone
5%
68 Rock Creek Park
5%
56 San Acacio
5%
88 Smeltertown
5%
55 Somerset
5%
2,780 Stepping Stone
5%
66 Stonewall Gap
5%
274 Sugarloaf
5%
157 Trail Side
5%
290 Woody Creek
5%
169 Alpine
4%
15 Cathedral
4%
343 Coaldale
4%
689 Grand View Estates
4%
24 Hidden Lake
4%
852 Howard
4%
131 Jackson Lake
4%
617 Loghill Village
4%
129 McClave
4%
2,953 Park Center
4%
66 Saddle Ridge
4%
5,185 Shaw Heights
4%
158 Southern Ute
4%
198 Sunshine
4%
984 Upper Bear Creek
4%
20 Wolcott
4%
1,496 Aetna Estates
3%
173 Blue Valley
3%
662 Cattle Creek
3%
442 Comanche Creek
3%
264 Gerrard
3%
182 Hasty
3%
168 Lazear
3%
30 McCoy
3%
237 Mountain Meadows
3%
259 Mulford
3%
7 Norrie
3%
975 Paragon Estates
3%
42 Parshall
3%
31 Piedra
3%
172 Redvale
3%
100 Segundo
3%
325 St. Ann Highlands
3%
185 Tall Timber
3%
380 Upper Witter Gulch
3%
105 Brick Center
2%
622 Brook Forest
2%
235 Catherine
2%
313 Echo Hills
2%
1,048 Floyd Hill
2%
363 Pine Valley
2%
No matching quizzes found
Score Distribution
Percent of People with Each Score
Percentile by Number Answered
Your Score History
You have not taken this quiz